[Event "Olimpiade 2024 - Donne"]
[Site "Budapest"]
[Date "18.09.2024"]
[Round "7.72"]
[Board "3"]
[White "Redzuan, Nur Ainul Mardhiah"]
[Black "Aishath Iva Hassan"]
[Result "0-1"]
[WhiteElo "1481"]
[BlackElo "1422"]
[WhiteTeam "Brunei Darussalam"]
[BlackTeam "Maldives"]
[WhiteFideId "10502882"]
[BlackFideId "16701127"]
[EventDate "2024.09.11"]

1. e4 c6 2. d4 d5 3. Nc3 dxe4 4. Nxe4 Nf6 5. Ng3 e5 6. c3 exd4 7. cxd4 c5 8. Nf3
cxd4 9. Nxd4 Bc5 10. Be3 Qa5+ 11. Bd2 Qb6 12. Bc3 O-O 13. Bc4 Nc6 14. Nge2 Rd8
15. Qd2 Bxd4 16. Nxd4 Nxd4 17. Bxd4 Qxd4 18. Qxd4 Rxd4 19. b3 Bf5 20. O-O Rad8
21. Rac1 g6 22. h3 Bd3 23. Bxd3 Rxd3 24. Rfe1 Rd2 25. Rc7 Rd1 26. Kf1 Rxe1+ 27.
Kxe1 Rd7 28. Rc3 Kg7 29. a4 Ne4 30. Re3 Nc5 31. a5 Rd6 32. b4 Nd3+ 33. Ke2 Nxb4
34. Rb3 Rd4 35. Ke3 Rc4 0-1

[Event "Olimpiade 2024 - Donne"]
[Site "Budapest"]
[Date "18.09.2024"]
[Round "7.72"]
[Board "4"]
[White "Aini Munthazim"]
[Black "Zakaria, Liyana"]
[Result "1/2-1/2"]
[WhiteElo "1536"]
[BlackElo "1520"]
[WhiteTeam "Maldives"]
[BlackTeam "Brunei Darussalam"]
[WhiteFideId "16702565"]
[BlackFideId "10502858"]
[EventDate "2024.09.11"]

1. e4 d6 2. d4 Nf6 3. Nc3 Nbd7 4. f4 e5 5. Nf3 exd4 6. Qxd4 c6 7. a4 d5 8. e5
Bc5 9. Qd2 Ng4 10. Nd4 Nb6 11. b3 Qe7 12. a5 Bxd4 13. Qxd4 Nd7 14. Be2 Nh6 15.
g4 Qh4+ 16. Qf2 Qxf2+ 17. Kxf2 Nc5 18. h3 O-O 19. b4 Ne4+ 20. Nxe4 dxe4 21. Ke3
Be6 22. f5 Bd5 23. c4 Rac8 24. cxd5 cxd5 25. Kd4 Rc2 26. Bf1 Rd8 27. Bg5 f6 28.
exf6 Nf7 29. Be3 Rb2 30. Kc5 Rc2+ 31. Kd4 Rb2 32. b5 gxf6 33. Rg1 Ne5 34. Kc3
Rh2 35. Rd1 Rc8+ 36. Kb4 Rb2+ 37. Ka3 Rcc2 38. Bd4 Ra2+ 39. Kb3 Nf3 40. Rg3
Nxd4+ 41. Rxd4 Rab2+ 42. Ka4 Rc1 43. Ka3 Rf2 44. Bg2 Rcc2 45. Bxe4 dxe4 46. Rxe4
Ra2+ 47. Kb4 Rfb2+ 48. Rb3 Rxb3+ 49. Kxb3 Rxa5 50. Kb4 b6 51. h4 h6 52. Re6 Kf7
53. Rc6 Ra1 54. Rc7+ Kg8 55. Rd7 a6 56. bxa6 Rxa6 57. Kb5 Ra1 58. Kxb6 Re1 59.
Rd6 Kf7 60. Kc7 Re4 61. g5 hxg5 62. hxg5 fxg5 63. Rg6 g4 64. Kd6 g3 65. Rxg3 Kf6
66. Rg8 Kxf5 67. Rf8+ Kg6 68. Kd5 Re1 69. Rf4 Kg5 70. Re4 Rxe4 71. Kxe4 1/2-1/2

[Event "Olimpiade 2024 - Donne"]
[Site "Budapest"]
[Date "19.09.2024"]
[Round "8.1"]
[Board "1"]
[White "Kashlinskaya, Alina"]
[Black "Dronavalli, Harika"]
[Result "1-0"]
[WhiteTitle "IM"]
[BlackTitle "GM"]
[WhiteElo "2490"]
[BlackElo "2502"]
[WhiteTeam "Poland"]
[BlackTeam "India"]
[WhiteFideId "4198026"]
[BlackFideId "5015197"]
[EventDate "2024.09.11"]

1. d4 d5 2. c4 e6 3. Nc3 Nf6 4. Nf3 c5 5. cxd5 cxd4 6. Qxd4 exd5 7. Bg5 Be7 8.
e3 O-O 9. Rd1 Nc6 10. Qa4 Bb4 11. Bb5 h6 12. Bh4 g5 13. Bxc6 Bxc3+ 14. bxc3 bxc6
15. Bg3 Ne4 16. Qxc6 Be6 17. Be5 Qc8 18. Nd4 Nxc3 19. Rd2 Ne4 20. Rc2 Qxc6 21.
Nxc6 f6 22. Bd4 Rf7 23. O-O a6 24. Rfc1 Nd6 25. Bc5 Nf5 26. g4 Bd7 27. Ba3 Nh4
28. Ne7+ Kg7 29. h3 h5 30. Nxd5 hxg4 31. Nb6 Nf3+ 32. Kg2 Nh4+ 33. Kh2 Rd8 34.
Nxd7 Rfxd7 35. hxg4 Kg6 36. Kg3 Rd1 37. Bb2 Rxc1 38. Rxc1 Rd6 39. a4 f5 40.
gxf5+ Nxf5+ 41. Kf3 Rd2 42. Be5 Nh4+ 43. Kg4 Rxf2 44. Rc6+ Kf7 45. Rxa6 Rg2+ 46.
Kh5 Re2 47. Bd4 Ng2 48. Kg4 Re1 49. Rf6+ Ke7 50. Rf3 Rg1 51. Kh5 Ne1 52. Rf5 Nc2
53. Bb6 g4 54. e4 Re1 55. a5 g3 56. a6 g2 57. Rg5 Rh1+ 58. Kg6 Ra1 59. a7 Ne1
60. Kh7 Kd7 61. Rg8 Kc6 62. Bd4 Ra3 63. a8=Q+ Rxa8 64. Rxa8 Nf3 65. Be3 g1=Q 66.
Bxg1 Nxg1 67. Kg6 Nf3 68. Kf6 1-0

[Event "Olimpiade 2024 - Donne"]
[Site "Budapest"]
[Date "19.09.2024"]
[Round "8.1"]
[Board "2"]
[White "Vaishali, Rameshbabu"]
[Black "Socko, Monika"]
[Result "0-1"]
[WhiteTitle "GM"]
[BlackTitle "GM"]
[WhiteElo "2498"]
[BlackElo "2422"]
[WhiteTeam "India"]
[BlackTeam "Poland"]
[WhiteFideId "5091756"]
[BlackFideId "1106619"]
[EventDate "2024.09.11"]

1. e4 c6 2. d4 d5 3. e5 c5 4. Nf3 cxd4 5. Nxd4 Nc6 6. Nxc6 bxc6 7. Bd3 e6 8. O-O
Ne7 9. Nd2 Ng6 10. Nf3 Be7 11. c3 O-O 12. Re1 c5 13. Qa4 Bb7 14. Qg4 d4 15. c4
a5 16. Re2 Ra6 17. Ng5 Qc7 18. h4 Bxg5 19. Bxg5 Nxe5 20. Qg3 f6 21. Bf4 Rb6 22.
h5 Qf7 23. Bxe5 fxe5 24. b3 e4 25. Bxe4 Qxh5 26. Rae1 Bxe4 27. Rxe4 a4 28. Re5
Qf7 29. Rxc5 axb3 30. axb3 Rxb3 31. f3 d3 32. Qd6 Qf6 33. Rd1 Rd8 34. Qe5 Qxe5
35. Rxe5 Kf7 36. Rc5 Rb2 37. Rc7+ Kf6 38. Kh2 Rc2 39. Kg3 h5 40. Rc5 h4+ 41.
Kxh4 d2 0-1

[Event "Olimpiade 2024 - Donne"]
[Site "Budapest"]
[Date "19.09.2024"]
[Round "8.1"]
[Board "3"]
[White "Maltsevskaya, Aleksandra"]
[Black "Divya, Deshmukh"]
[Result "0-1"]
[WhiteTitle "IM"]
[BlackTitle "IM"]
[WhiteElo "2404"]
[BlackElo "2483"]
[WhiteTeam "Poland"]
[BlackTeam "India"]
[WhiteFideId "24174041"]
[BlackFideId "35006916"]
[EventDate "2024.09.11"]

1. Nf3 Nf6 2. c4 c5 3. g3 Nc6 4. Bg2 d6 5. d4 cxd4 6. Nxd4 Bd7 7. O-O g6 8. b3
Bg7 9. Bb2 h5 10. Nc3 h4 11. Nxc6 Bxc6 12. Nd5 Bxd5 13. cxd5 hxg3 14. hxg3 Qa5
15. Qd3 O-O 16. a4 Rfc8 17. Rfc1 Rab8 18. Bf3 a6 19. Kg2 Rxc1 20. Rxc1 b5 21.
Bc3 Qd8 22. Bd4 bxa4 23. bxa4 Qa5 24. Rc4 Nd7 25. Bxg7 Kxg7 26. Qe3 Ne5 27. Rh4
Rh8 28. Rxh8 Kxh8 29. Be4 Qxa4 30. f4 Ng4 31. Qc3+ Nf6 32. Bf3 Kh7 33. f5 g5 34.
Kh2 Qd7 35. Qe3 g4 36. Bg2 Qc7 37. Qg5 Qc8 38. Qh4+ Kg7 39. Qg5+ Kh7 40. Qh4+
Kg7 41. Qg5+ Kf8 42. e4 Ke8 43. Qf4 Qc3 44. Qh6 Nd7 45. Qg5 Ne5 46. Qg8+ Kd7 47.
Qa8 Qc8 48. Qa7+ Ke8 49. Qf2 f6 50. Qa2 Kf7 51. Qd2 Kg7 52. Qa2 Qb7 53. Qa5 Kf7
54. Qd2 Qb6 55. Qh6 Kg8 56. Qh5 Qb8 57. Kh1 Kg7 58. Kg1 a5 59. Bf1 a4 60. Bc4 a3
61. Ba2 Qb2 62. Qe8 Nf3+ 63. Kf1 Qc1+ 64. Ke2 Qd2+ 0-1

[Event "Olimpiade 2024 - Donne"]
[Site "Budapest"]
[Date "19.09.2024"]
[Round "8.1"]
[Board "4"]
[White "Vantika, Agrawal"]
[Black "Sliwicka, Alicja"]
[Result "1/2-1/2"]
[WhiteTitle "IM"]
[BlackTitle "WIM"]
[WhiteElo "2370"]
[BlackElo "2373"]
[WhiteTeam "India"]
[BlackTeam "Poland"]
[WhiteFideId "25050389"]
[BlackFideId "1150677"]
[EventDate "2024.09.11"]

1. d4 d5 2. c4 e6 3. Nf3 Nf6 4. g3 Be7 5. Bg2 O-O 6. O-O c6 7. Nc3 a5 8. b3 b6
9. Bb2 Ba6 10. Nd2 b5 11. c5 b4 12. Na4 Nbd7 13. Re1 Bb5 14. e4 dxe4 15. Nxe4
Nxe4 16. Bxe4 Qc7 17. Qc2 h6 18. Bh7+ Kh8 19. Bd3 Rad8 20. Rad1 Bxa4 21. bxa4
Nf6 22. Qe2 Rd5 23. h4 Rfd8 24. Bc4 R5d7 25. Qf3 Kg8 26. Bd3 Nd5 27. Bc2 Bf6 28.
Re4 g6 29. h5 g5 30. Kg2 Bg7 31. Bb3 Re7 32. Ree1 Qd7 33. Re4 Qe8 34. Re2 f5 35.
Rde1 g4 36. Qd3 Qf7 37. Kg1 Nc7 38. Re3 Rde8 39. a3 bxa3 40. Bxa3 Rd8 41. Bb2
Kh8 42. Bc3 Rdd7 43. R3e2 Qf6 44. Bxa5 Rxd4 45. Qc2 Rd8 46. Bxc7 Rxc7 47. Rxe6
Qf8 48. a5 Rcd7 49. R1e2 Rd3 50. Rd6 R3xd6 51. cxd6 f4 52. Qg6 Rxd6 53. Qxg4
fxg3 54. fxg3 Rf6 55. Kg2 Qa8 56. Qe4 Qxa5 57. Qe8+ Rf8 58. Qg6 Qf5 59. Qxf5
Rxf5 60. g4 Rf8 61. Re6 Rf6 62. Re8+ Rf8 63. Re7 c5 64. Rc7 Bd4 65. Rc6 Kg7 66.
Bd5 Rf6 67. Rc7+ Kf8 68. Rb7 Ke8 69. Be4 Ra6 70. Bg6+ Kd8 71. Kf3 Bf6 72. Ke4
Rd6 73. Rh7 Bg5 74. Bf5 Rd4+ 75. Ke5 Bf4+ 76. Ke6 Rd6+ 77. Kf7 Kc7 78. Rh8 Kb6
79. Rb8+ 1/2-1/2

[Event "Olimpiade 2024 - Donne"]
[Site "Budapest"]
[Date "19.09.2024"]
[Round "8.2"]
[Board "1"]
[White "Gaal, Zsoka"]
[Black "Osmak, Yuliia"]
[Result "1/2-1/2"]
[WhiteTitle "WIM"]
[BlackTitle "IM"]
[WhiteElo "2385"]
[BlackElo "2471"]
[WhiteTeam "Hungary"]
[BlackTeam "Ukraine"]
[WhiteFideId "777765"]
[BlackFideId "14101602"]
[EventDate "2024.09.11"]

1. d4 d5 2. c4 dxc4 3. Nf3 Nf6 4. e3 e6 5. Bxc4 a6 6. O-O c5 7. Be2 Nbd7 8. b3
Be7 9. Bb2 O-O 10. Nbd2 b6 11. Rc1 Bb7 12. Qc2 Rc8 13. Qb1 cxd4 14. Nxd4 Bb4 15.
Rfd1 Rxc1 16. Qxc1 Qa8 17. Bf3 Rc8 18. Qb1 Nd5 19. a3 Bf8 20. Nc4 h6 21. h3 N5f6
22. Rc1 Bd5 23. Qa1 Qb7 24. Bxd5 Qxd5 25. Nd2 Rxc1+ 26. Qxc1 Nc5 27. Qc2 b5 28.
b4 Nce4 29. N2f3 Nd6 30. a4 Nc4 31. axb5 axb5 32. Bc3 e5 33. Ne2 Bd6 34. Be1 e4
35. Nfd4 Qe5 36. Ng3 h5 37. Qa2 Qd5 38. Ngf5 g6 39. Nxd6 Nxd6 40. Qa6 Nfe8 41.
Bc3 Qc4 42. Qa1 Nc7 43. Nc2 Nde8 44. Na3 Qd3 45. Be5 Qd2 46. Qb1 Qd5 47. Qb2 Kh7
48. Qc3 Ne6 49. Kh1 h4 50. Nc2 g5 51. Bd4 Nd6 52. Qa1 Qb3 53. Qd1 Kg6 54. Ba1
Nc4 55. f4 exf3 56. Qxf3 Qxc2 57. Qf6+ Kh5 58. Qh8+ Kg6 59. Qf6+ Kh5 60. Qh8+
Kg6 1/2-1/2

[Event "Olimpiade 2024 - Donne"]
[Site "Budapest"]
[Date "19.09.2024"]
[Round "8.2"]
[Board "2"]
[White "Ushenina, Anna"]
[Black "Hoang, Thanh Trang"]
[Result "1-0"]
[WhiteTitle "GM"]
[BlackTitle "GM"]
[WhiteElo "2417"]
[BlackElo "2351"]
[WhiteTeam "Ukraine"]
[BlackTeam "Hungary"]
[WhiteFideId "14110911"]
[BlackFideId "12400149"]
[EventDate "2024.09.11"]

1. d4 d5 2. c4 e6 3. Nc3 a6 4. cxd5 exd5 5. Bf4 Nf6 6. e3 Bd6 7. Bg5 c6 8. Bd3
O-O 9. Nge2 Re8 10. Qc2 h6 11. Bh4 Be6 12. h3 Nbd7 13. O-O Rc8 14. Rad1 Nf8 15.
a3 Be7 16. f3 c5 17. Bf2 b5 18. Qd2 Qb6 19. dxc5 Bxc5 20. b4 Bd6 21. Bb1 Qb8 22.
f4 Rcd8 23. Nd4 Qb7 24. Qd3 Ne4 25. Nxe6 Rxe6 26. Qxd5 Qxd5 27. Nxd5 Nxf2 28.
Kxf2 Ree8 29. Kf3 Ne6 30. Rd2 Nc7 31. Rfd1 Nxd5 32. Rxd5 Be7 33. Rd7 Kf8 34. Be4
Bf6 35. Bb7 Rxd7 36. Rxd7 Re6 37. Bd5 Re7 38. Rd6 Ra7 39. Bc6 a5 40. Bxb5 axb4
41. axb4 Rb7 42. Rd5 Ke7 43. Rc5 Bb2 44. e4 Ba3 45. Re5+ Kf6 46. Rf5+ Ke7 47.
Bc4 f6 48. b5 Rc7 49. Bd3 Rc5 50. Rxc5 Bxc5 51. e5 fxe5 52. fxe5 Bb6 53. Ke4 Bc7
54. Kd5 g5 55. Bf5 h5 56. Bg6 h4 57. Bf5 Bb6 58. Bg4 Bc7 59. Ke4 Bb6 60. Kf5 Be3
61. Bh5 Bf2 62. Be2 Be3 63. Bc4 Bd4 64. Kxg5 Bxe5 65. Kxh4 Bd4 66. Kg5 Kf8 67.
Kg6 Bf2 68. g4 Ke7 69. Kf5 Kf8 70. g5 Kg7 71. Kg4 Bd4 72. h4 Be3 73. Kf5 Bf2 74.
h5 Be3 75. h6+ Kh8 76. Kg4 Kh7 77. Bd3+ Kh8 78. Kh5 Kg8 79. g6 Bd4 80. Bc4+ Kh8
81. g7+ 1-0

[Event "Olimpiade 2024 - Donne"]
[Site "Budapest"]
[Date "19.09.2024"]
[Round "8.3"]
[Board "1"]
[White "Assaubayeva, Bibisara"]
[Black "Daulyte-Cornette, Deimante"]
[Result "1-0"]
[WhiteTitle "IM"]
[BlackTitle "IM"]
[WhiteElo "2482"]
[BlackElo "2369"]
[WhiteTeam "Kazakhstan"]
[BlackTeam "France"]
[WhiteFideId "13708694"]
[BlackFideId "12802859"]
[EventDate "2024.09.11"]

1. e4 e5 2. Nf3 Nc6 3. Bc4 Nf6 4. Ng5 d5 5. exd5 Na5 6. Bb5+ c6 7. dxc6 bxc6 8.
Bd3 Ng4 9. Nh3 Bc5 10. Be2 f5 11. d3 O-O 12. O-O h6 13. Kh1 Nb7 14. Nc3 Nd6 15.
Na4 Nxf2+ 16. Nxf2 Bxf2 17. Rxf2 Qh4 18. Be3 Qxa4 19. Qd2 Qh4 20. Bc5 Rd8 21.
Qc3 Qf6 22. a4 Be6 23. Qa3 Nc8 24. a5 Rd7 25. Bf3 Bd5 26. Raf1 g6 27. Qa4 Ne7
28. a6 Rb8 29. b4 Bxf3 30. Rxf3 Nd5 31. c4 Nf4 32. d4 Ne6 33. Qxc6 Rc7 34. Qd5
Rd8 35. Bd6 e4 36. Re3 Kh7 37. c5 Nxd4 38. Rxe4 Nb5 39. Re6 Qf7 40. Qe5 Rcd7 41.
c6 Nc7 42. Bxc7 Rxc7 43. Re1 1-0

[Event "Olimpiade 2024 - Donne"]
[Site "Budapest"]
[Date "19.09.2024"]
[Round "8.3"]
[Board "2"]
[White "Milliet, Sophie"]
[Black "Kamalidenova, Meruert"]
[Result "1-0"]
[WhiteTitle "IM"]
[BlackTitle "IM"]
[WhiteElo "2348"]
[BlackElo "2352"]
[WhiteTeam "France"]
[BlackTeam "Kazakhstan"]
[WhiteFideId "623725"]
[BlackFideId "13712802"]
[EventDate "2024.09.11"]

1. Nf3 Nf6 2. c4 g6 3. Nc3 Bg7 4. e4 e5 5. Nxe5 O-O 6. Bd3 Re8 7. Nf3 d5 8. cxd5
c6 9. O-O cxd5 10. e5 Nfd7 11. Bb5 d4 12. Nxd4 a6 13. Ba4 b5 14. Bb3 Nxe5 15.
Nc2 Bg4 16. f3 Bf5 17. d4 Nd3 18. g4 Nxc1 19. Rxc1 Bxc2 20. Rxc2 Nc6 21. d5 Nd4
22. Rd2 Qg5 23. Kh1 Qe3 24. d6 Rad8 25. Rd3 Qf4 26. Nd5 Qe5 27. Qd2 Kf8 28. Nc7
Qe2 29. Rd1 Qxd2 30. R3xd2 Nxf3 31. Rf2 Re3 32. Rdf1 Rxb3 33. axb3 Ng5 34. h4
Ne4 35. Rxf7+ Kg8 36. Rxg7+ 1-0

[Event "Olimpiade 2024 - Donne"]
[Site "Budapest"]
[Date "19.09.2024"]
[Round "8.4"]
[Board "2"]
[White "Salimova, Nurgyul"]
[Black "Javakhishvili, Lela"]
[Result "1/2-1/2"]
[WhiteTitle "IM"]
[BlackTitle "IM"]
[WhiteElo "2412"]
[BlackElo "2446"]
[WhiteTeam "Bulgaria"]
[BlackTeam "Georgia"]
[WhiteFideId "2915138"]
[BlackFideId "13601458"]
[EventDate "2024.09.11"]

1. d4 Nf6 2. Nf3 d5 3. c4 e6 4. g3 Be7 5. Bg2 O-O 6. O-O Nbd7 7. Qc2 a5 8. Bg5
h6 9. Bxf6 Nxf6 10. Rc1 Bd7 11. Ne5 c5 12. cxd5 exd5 13. dxc5 Rc8 14. Qd3 Bxc5
15. Nc3 Be6 16. Rd1 Qd6 17. Nf3 Rfd8 18. e3 Qd7 19. Rac1 Bb4 20. Ne2 Bf5 21. Qb3
Bc5 22. Nc3 Bg4 23. Qb5 Bb4 24. Qxd7 Bxd7 25. Ne2 Ba4 26. b3 Bd7 27. Nf4 g5 28.
Nd3 Ba3 29. Rxc8 Bxc8 30. Nd4 Ne4 31. Nb5 Be7 32. Rc1 Bd7 33. Nd4 Rc8 34. Rxc8+
Bxc8 35. Bxe4 dxe4 36. Ne5 Bc5 37. Nc4 b6 38. Nd2 f5 39. g4 fxg4 40. Nxe4 Be7
41. Nc3 Kf7 42. Na4 Bd8 43. Nb2 Bd7 44. Nc4 Bc7 45. e4 b5 46. Ne3 Be5 47. Ndf5
h5 48. Nd5 Be6 49. Nfe3 Bd4 50. Nf5 Bc5 51. Nfe3 a4 52. bxa4 bxa4 53. Nc4 a3 54.
Kg2 h4 55. Ne5+ Kg7 56. Nc4 Bd7 57. Ne5 Be6 58. Nc4 Bd7 59. Ne5 Be6 1/2-1/2

[Event "Olimpiade 2024 - Donne"]
[Site "Budapest"]
[Date "19.09.2024"]
[Round "8.4"]
[Board "3"]
[White "Batsiashvili, Nino"]
[Black "Radeva, Viktoria"]
[Result "1/2-1/2"]
[WhiteTitle "GM"]
[BlackTitle "WGM"]
[WhiteElo "2461"]
[BlackElo "2297"]
[WhiteTeam "Georgia"]
[BlackTeam "Bulgaria"]
[WhiteFideId "13602993"]
[BlackFideId "2915405"]
[EventDate "2024.09.11"]

1. d4 Nf6 2. Nf3 e6 3. Bf4 c5 4. e3 cxd4 5. exd4 b6 6. a4 Bb7 7. c3 Be7 8. Bd3
a6 9. O-O O-O 10. Na3 d6 11. Nc2 Nbd7 12. Re1 Re8 13. h3 Bf8 14. Bh2 h6 15. Nd2
e5 16. Ne3 Qc7 17. Qb3 Qc6 18. Qc4 Nh5 19. Qxc6 Bxc6 20. Nec4 exd4 21. Rxe8 Rxe8
22. cxd4 d5 23. Ne5 Nxe5 24. Bxe5 g5 25. Bxa6 Ra8 26. Be2 Nf4 27. Bxf4 gxf4 28.
Bd1 Bb4 29. Nf3 f6 30. Bb3 Ra5 31. Kf1 Bb5+ 32. Kg1 Bc6 33. Bc2 Ra8 34. b3 b5
35. Rb1 bxa4 36. bxa4 Bxa4 37. Bf5 Bc3 38. Be6+ Kf8 39. Bxd5 Rd8 40. Be6 Be8 41.
d5 Bh5 42. Nh4 Be5 43. Rc1 Rb8 44. Nf5 f3 45. g3 Bg6 46. Nxh6 Rb2 47. Nf5 Bxf5
48. Bxf5 Bd4 49. Rf1 Ke7 50. Be4 Rb3 51. Rd1 Bc5 52. h4 Kd6 53. h5 Ke5 54. Re1
Bb4 55. Bc2+ Bxe1 56. Bxb3 Bd2 57. Kh2 f5 58. Kh3 Be1 59. h6 Kf6 60. g4 fxg4+
61. Kxg4 Bxf2 62. Kxf3 Bc5 63. Bc2 Bf8 64. h7 Kg7 65. Kf4 Bd6+ 66. Ke3 Bc5+ 67.
Kd3 Bd6 1/2-1/2

[Event "Olimpiade 2024 - Donne"]
[Site "Budapest"]
[Date "19.09.2024"]
[Round "8.4"]
[Board "4"]
[White "Krasteva, Beloslava"]
[Black "Khotenashvili, Bella"]
[Result "1/2-1/2"]
[WhiteTitle "FM"]
[BlackTitle "GM"]
[WhiteElo "2295"]
[BlackElo "2432"]
[WhiteTeam "Bulgaria"]
[BlackTeam "Georgia"]
[WhiteFideId "2922029"]
[BlackFideId "13602640"]
[EventDate "2024.09.11"]

1. d4 Nf6 2. Bg5 g6 3. Bxf6 exf6 4. e3 d5 5. c4 dxc4 6. Bxc4 Bd6 7. Nc3 c6 8.
Qf3 O-O 9. g4 f5 10. gxf5 Bxf5 11. Nge2 Qh4 12. O-O-O Nd7 13. h3 Nb6 14. Bb3 a5
15. Ng3 Bd7 16. Nge4 Be7 17. Nc5 Bc8 18. Rdg1 a4 19. N3xa4 Nxa4 20. Nxa4 Ra5 21.
Qg3 Rg5 22. Qxh4 Rxg1+ 23. Rxg1 Bxh4 24. Rg2 g5 25. Rh2 Kg7 26. Nc5 Re8 27. Kd2
f5 28. Nd3 Kf6 29. Ne5 c5 30. Nf3 cxd4 31. Nxd4 Rd8 32. Kc3 Bd7 33. Bd5 b6 34.
a3 Be8 35. Bb3 Bh5 36. Bc2 Bg6 37. Nf3 Rc8+ 38. Kd2 Rd8+ 39. Kc3 Rc8+ 40. Kd2
Rd8+ 41. Ke1 Bh5 42. Nxh4 gxh4 43. f4 Rg8 44. Rd2 Rg3 45. Rd6+ Ke7 46. Rxb6 Bg6
47. Kf2 Rxh3 48. Bd1 Rh2+ 49. Kg1 Rh3 50. Kf2 Rh2+ 51. Kg1 Rh3 52. Kg2 Rxe3 53.
Rb3 Re4 54. a4 Rd4 55. Re3+ Kf6 56. Bb3 Rd2+ 57. Kh3 Rxb2 58. Kxh4 1/2-1/2

[Event "Olimpiade 2024 - Donne"]
[Site "Budapest"]
[Date "19.09.2024"]
[Round "8.5"]
[Board "3"]
[White "Omonova, Umida"]
[Black "Lee, Alice"]
[Result "0-1"]
[WhiteTitle "WIM"]
[BlackTitle "IM"]
[WhiteElo "2032"]
[BlackElo "2384"]
[WhiteTeam "Uzbekistan"]
[BlackTeam "United States of America"]
[WhiteFideId "14210363"]
[BlackFideId "30941822"]
[EventDate "2024.09.11"]

1. e4 c5 2. Nf3 Nc6 3. Bb5 e6 4. O-O Nge7 5. Re1 b6 6. c3 a6 7. Be2 d5 8. exd5
Nxd5 9. d4 Nf6 10. Ne5 Bb7 11. Bf3 Rc8 12. Qe2 Bd6 13. Nxc6 Bxc6 14. Bxc6+ Rxc6
15. Qf3 Rc7 16. dxc5 Bxc5 17. Bg5 Qd5 18. Qxd5 Nxd5 19. Nd2 f6 20. Bh4 Kf7 21.
Rad1 Rd8 22. Nf3 Be7 23. Bg3 e5 24. Rd2 Ke8 25. Red1 Rcd7 26. Kf1 b5 27. Ke2 g5
28. Ne1 h5 29. h3 h4 30. Bh2 Kf7 31. Nc2 Ke6 32. Ke1 Bc5 33. Re2 Kf5 34. Red2
Nb6 35. Rxd7 Rxd7 36. Rc1 Na4 37. b4 Bb6 38. Na3 Rc7 39. Nb1 Ke6 40. Bg1 Nb2 41.
Ke2 Rd7 42. g3 Nc4 43. gxh4 gxh4 44. Rf1 e4 45. Re1 f5 46. f3 e3 47. Bh2 Rg7 48.
Kf1 f4 49. Bxf4 Rf7 50. Bg5 Rxf3+ 51. Ke2 Rxh3 52. Bf4 Ne5 53. Rf1 Ng6 54. Bg5
Rh2+ 55. Kd3 e2 56. Rf6+ Ke5 57. Kd2 Be3+ 0-1

[Event "Olimpiade 2024 - Donne"]
[Site "Budapest"]
[Date "19.09.2024"]
[Round "8.6"]
[Board "1"]
[White "Peng, Zhaoqin"]
[Black "Wagner, Dinara"]
[Result "1/2-1/2"]
[WhiteTitle "GM"]
[BlackTitle "IM"]
[WhiteElo "2349"]
[BlackElo "2452"]
[WhiteTeam "Netherlands"]
[BlackTeam "Germany"]
[WhiteFideId "1004786"]
[BlackFideId "24157570"]
[EventDate "2024.09.11"]

1. Nf3 Nf6 2. c4 e6 3. b3 Be7 4. Bb2 c5 5. e3 b6 6. d4 cxd4 7. exd4 d5 8. Bd3
O-O 9. O-O Bb7 10. Nbd2 Nc6 11. Qe2 Rc8 12. Rac1 Re8 13. Rfd1 Bf8 14. h3 g6 15.
Qe3 Bg7 16. Ne5 Nd7 17. Ndf3 dxc4 18. Bxc4 Ncxe5 19. dxe5 Qe7 20. Bb5 Bd5 21.
Nd4 Red8 22. Nc6 Bxc6 23. Bxc6 Nc5 24. Bb5 Rxd1+ 25. Rxd1 Rd8 26. Rxd8+ Qxd8 27.
Qd4 Qxd4 28. Bxd4 Kf8 29. b4 Nb7 30. a4 Nd6 31. Bc6 Nf5 32. Bc3 Ne7 33. Bb7 Nd5 1/2-1/2

[Event "Olimpiade 2024 - Donne"]
[Site "Budapest"]
[Date "19.09.2024"]
[Round "8.6"]
[Board "2"]
[White "Paehtz, Elisabeth"]
[Black "Van Foreest, Machteld"]
[Result "1-0"]
[WhiteTitle "GM"]
[BlackTitle "FM"]
[WhiteElo "2455"]
[BlackElo "2224"]
[WhiteTeam "Germany"]
[BlackTeam "Netherlands"]
[WhiteFideId "4641833"]
[BlackFideId "1051563"]
[EventDate "2024.09.11"]

1. Nf3 Nf6 2. g3 d5 3. Bg2 c5 4. O-O Nc6 5. d4 e6 6. c4 dxc4 7. dxc5 Qxd1 8.
Rxd1 Bxc5 9. Nbd2 c3 10. bxc3 O-O 11. Nb3 Bb6 12. Ba3 Re8 13. Nfd2 e5 14. Nc4
Bc7 15. Bd6 Be6 16. Nxe5 Bxd6 17. Nxc6 Ba3 18. Ncd4 Bb2 19. Rab1 Bxb3 20. Nxb3
Bxc3 21. Bxb7 Rab8 22. Bf3 h6 23. Rbc1 Be5 24. Rc6 Re7 25. Ra6 Rb6 26. Rd8+ Kh7
27. Ra4 Bc7 28. Rd3 Bd6 29. Kg2 Rc7 30. Nd2 Bb4 31. a3 Bxd2 32. Rxd2 Nd7 33. h4
Nf6 34. Ra5 Re7 35. Rd8 Ne8 36. Ra8 Nd6 37. R8xa7 Rxa7 38. Rxa7 g5 39. a4 gxh4
40. a5 Rb5 41. Rd7 Nc4 42. a6 Ra5 43. a7 Ne5 44. Be4+ Kg7 45. Rc7 1-0

[Event "Olimpiade 2024 - Donne"]
[Site "Budapest"]
[Date "19.09.2024"]
[Round "8.7"]
[Board "1"]
[White "Mkrtchian, Lilit"]
[Black "Munkhzul, Turmunkh"]
[Result "1-0"]
[WhiteTitle "IM"]
[BlackTitle "WGM"]
[WhiteElo "2366"]
[BlackElo "2256"]
[WhiteTeam "Armenia"]
[BlackTeam "Mongolia"]
[WhiteFideId "13300601"]
[BlackFideId "4901878"]
[EventDate "2024.09.11"]

1. c4 Nf6 2. Nc3 e5 3. g3 d5 4. cxd5 Nxd5 5. Bg2 Nb6 6. a3 a5 7. d3 Be7 8. Be3
Nc6 9. Nf3 O-O 10. O-O Be6 11. Rc1 f5 12. Na4 Nd5 13. Bc5 Bd6 14. e4 Nb6 15.
exf5 Bxf5 16. Qb3+ Kh8 17. Nxb6 cxb6 18. Bxb6 Qd7 19. Ng5 Qe7 20. Ne4 Nd4 21.
Bxd4 exd4 22. Qd5 Bxe4 23. Bxe4 Qf6 24. Rc2 Rac8 25. Rxc8 Rxc8 26. Qxa5 Rc7 27.
Qa8+ Qf8 28. Bxb7 Qxa8 29. Bxa8 Rc2 30. Rb1 Kg8 31. Be4 h6 32. b4 Kf8 33. b5 Ke7
34. b6 Bb8 35. a4 Kd6 36. a5 Ra2 37. Rc1 1-0

[Event "Olimpiade 2024 - Donne"]
[Site "Budapest"]
[Date "19.09.2024"]
[Round "8.7"]
[Board "2"]
[White "Munguntuul, Batkhuyag"]
[Black "Mkrtchyan, Mariam"]
[Result "1/2-1/2"]
[WhiteTitle "IM"]
[BlackTitle "WIM"]
[WhiteElo "2346"]
[BlackElo "2328"]
[WhiteTeam "Mongolia"]
[BlackTeam "Armenia"]
[WhiteFideId "4900758"]
[BlackFideId "13310828"]
[EventDate "2024.09.11"]

1. e4 e5 2. Nf3 Nc6 3. Bb5 a6 4. Ba4 Nf6 5. Qe2 Be7 6. c3 b5 7. Bb3 d6 8. O-O
O-O 9. Rd1 Na5 10. Bc2 c5 11. d4 Qc7 12. d5 Bd7 13. b3 Nb7 14. Nbd2 Ne8 15. Nf1
g6 16. Bh6 Ng7 17. Ne3 f6 18. a4 Rfb8 19. Bxg7 Kxg7 20. h3 Nd8 21. Ra2 Ra7 22.
Rda1 Rba8 23. Ne1 Qb8 24. Nd3 Nf7 25. Kh2 Bd8 26. Nc1 Bb6 27. Qd2 Qe8 28. Ne2
Qe7 29. Ng3 Kh8 30. Bd1 Qf8 31. Bg4 Be8 32. axb5 axb5 33. Rxa7 Rxa7 34. Rxa7
Bxa7 35. Qa2 Qe7 36. Qa6 Qc7 37. Be2 Qb8 38. Nc2 Kg8 39. f3 Kf8 40. Nf1 Qb6 41.
Qxb6 Bxb6 42. Na3 Ba5 43. Bxb5 Bxc3 44. Ne3 Bb4 45. Bxe8 Kxe8 46. Nb5 h5 47. h4
Kd7 48. g4 Bd2 49. Nc4 Bh6 50. Kg2 Bf4 51. Kh3 Ke7 52. Nc3 Nd8 53. Ne2 Nb7 54.
Kg2 Kf7 55. Kf2 Kg7 56. gxh5 gxh5 57. Nxf4 exf4 58. Ke2 f5 59. e5 dxe5 60. Nxe5
Na5 61. Kd3 Nxb3 62. Kc4 Kf6 63. Nd3 Nd2+ 64. Kxc5 Nxf3 65. d6 Ke6 66. Nxf4+ Kd7
67. Ng6 Ke6 68. Nf4+ Kd7 69. Kd5 Nxh4 70. Nxh5 Ng6 71. Nf6+ Kd8 72. Kd4 Nf8 73.
Ke5 Nd7+ 74. Kxf5 Nxf6 1/2-1/2